| 000 | 00636nam a2200169 i 4500 | ||
|---|---|---|---|
| 001 | 182222 | ||
| 003 | ES-MaACL | ||
| 005 | 20230906221547.0 | ||
| 008 | 130627s1890 sp |||| | spa d | ||
| 110 | 2 |
_aColegio de Abogados de León. _9153039 |
|
| 245 | 1 | 0 | _aLista de los abogados del Ilustre Colegio de Abogados de León en el año económico de 1889-90. |
| 260 |
_a[León : _bs.n., _c1890] ( _fEstab. tip. de Hs. de Miñón, imp. del Ilustre Colegio de Abogados) |
||
| 300 |
_a32 p. ; _c27 cm. |
||
| 610 | 2 | 4 |
_aColegio de Abogados de León. _9153039 |
| 650 | 4 |
_aAbogados- _zLeón (Provincia) _9172308 |
|
| 852 |
_aES-MaACL _jT-504-F-13 |
||
| 999 |
_c182222 _d182222 |
||